World Cup Semi-Final Goalscorers 1930-2022 - Statistics

General Stats
  • This quiz has been taken 47 times
  • The average score is 46 of 132
Answer Stats
Tournament Nation Score Player % Correct
2022 Qatar Argentina 1-0 Lionel Messi
97%
1970 Mexico West Germany 2-1 Gerd Muller
92%
1970 Mexico West Germany 3-3 Gerd Muller
92%
2014 Brazil Germany 1-0 Thomas Muller
92%
2010 South Africa Uruguay 1-1 Diego Forlan
87%
2014 Brazil Germany 2-0 Miroslav Klose
87%
2006 Germany France 1-0 Zinedine Zidane
87%
2018 Russia Croatia 2-1 Mario Mandzukic
84%
1998 France Brazil 1-0 Ronaldo
84%
2002 South Korea & Japan Brazil 1-0 Ronaldo
84%
2014 Brazil Germany 3-0 Toni Kroos
84%
2014 Brazil Germany 4-0 Toni Kroos
84%
2022 Qatar Argentina 2-0 Julian Alvarez
79%
2022 Qatar Argentina 3-0 Julian Alvarez
79%
2014 Brazil Brazil 7-1 Oscar
79%
1986 Mexico Argentina 1-0 Diego Maradona
76%
1986 Mexico Argentina 2-0 Diego Maradona
76%
2014 Brazil Germany 5-0 Sami Khedira
76%
2014 Brazil Germany 6-0 Andre Schurrle
74%
2014 Brazil Germany 7-0 Andre Schurrle
74%
1958 Sweden Brazil 3-1 Pele
74%
1958 Sweden Brazil 4-1 Pele
74%
1958 Sweden Brazil 5-1 Pele
74%
1982 Spain Italy 1-0 Paolo Rossi
71%
1982 Spain Italy 2-0 Paolo Rossi
71%
2010 South Africa Netherlands 3-1 Arjen Robben
68%
1998 France Croatia 1-0 Davor Suker
68%
1982 Spain France 1-1 Michel Platini
68%
1994 USA Bulgaria 2-1 Hristo Stoichkov
66%
1994 USA Italy 1-0 Roberto Baggio
66%
1994 USA Italy 2-0 Roberto Baggio
66%
1998 France France 1-1 Lilian Thuram
63%
1998 France France 2-1 Lilian Thuram
63%
2006 Germany Italy 2-0 Alessandro Del Piero
61%
2018 Russia Croatia 1-1 Ivan Perisic
61%
2018 Russia France 1-0 Samuel Umtiti
61%
2022 Qatar France 1-0 Theo Hernandez
61%
2002 South Korea & Japan Germany 1-0 Michael Ballack
58%
1994 USA Brazil 1-0 Romario
55%
1986 Mexico West Germany 1-0 Andreas Brehme
53%
1990 Italy West Germany 1-0 Andreas Brehme
53%
1966 England England 1-0 Bobby Charlton
53%
1966 England England 2-0 Bobby Charlton
53%
2010 South Africa Spain 1-0 Carles Puyol
53%
1966 England Portugal 2-1 Eusebio
53%
1962 Chile Brazil 1-0 Garrincha
53%
1962 Chile Brazil 2-0 Garrincha
53%
1982 Spain West Germany 3-2 Karl-Heinz Rummenigge
53%
2018 Russia England 1-0 Kieran Trippier
53%
2022 Qatar France 2-0 Randal Kolo Muani
53%
1966 England West Germany 2-0 Franz Beckenbauer
50%
1970 Mexico Brazil 2-1 Jairzinho
47%
1970 Mexico Italy 3-2 Luigi Riva
47%
2010 South Africa Netherlands 2-1 Wesley Sneijder
47%
2010 South Africa Netherlands 1-0 Giovanni van Bronckhorst
45%
2006 Germany Italy 1-0 Fabio Grosso
39%
1998 France Netherlands 1-1 Patrick Kluivert
39%
1986 Mexico West Germany 2-0 Rudi Voller
39%
1958 Sweden France 1-1 Just Fontaine
37%
1990 Italy England 1-1 Gary Lineker
34%
1938 France Italy 2-0 Giuseppe Meazza
34%
1990 Italy Italy 1-0 Salvatore Schillaci
34%
1982 Spain France 3-1 Alain Giresse
29%
1970 Mexico Italy 4-3 Giovanni Rivera
29%
1990 Italy Argentina 1-1 Claudio Caniggia
26%
1970 Mexico Brazil 3-1 Roberto Rivellino
26%
1954 Switzerland Hungary 3-2 Sandor Kocsis
26%
1954 Switzerland Hungary 4-2 Sandor Kocsis
26%
1958 Sweden Brazil 1-0 Vava
26%
1962 Chile Brazil 3-1 Vava
26%
1962 Chile Brazil 4-2 Vava
26%
1962 Chile Chile 3-2 Leonel Sanchez
24%
1958 Sweden Brazil 2-1 Didi
21%
1930 Uruguay Argentina 3-0 Guillermo Stabile
18%
1930 Uruguay Argentina 6-0 Guillermo Stabile
18%
1954 Switzerland Hungary 2-0 Nandor Hidegkuti
18%
1954 Switzerland West Germany 3-1 Friedrich Walter
16%
1954 Switzerland West Germany 5-1 Friedrich Walter
16%
1982 Spain France 2-1 Marius Tresor
16%
1954 Switzerland West Germany 4-1 Ottmar Walter
16%
1954 Switzerland West Germany 6-1 Ottmar Walter
16%
1970 Mexico Brazil 1-1 Clodoaldo
11%
1966 England West Germany 1-0 Helmut Haller
11%
1970 Mexico West Germany 1-1 Karl-Heinz Schnellinger
11%
2010 South Africa Uruguay 3-2 Maxi Pereira
11%
1982 Spain West Germany 1-0 Pierre Littbarski
11%
1930 Uruguay Argentina 4-0 Carlos Peucelle
8%
1930 Uruguay Argentina 5-0 Carlos Peucelle
8%
1954 Switzerland West Germany 1-0 Hans Schafer
8%
1958 Sweden West Germany 1-0 Hans Schafer
8%
1930 Uruguay Uruguay 1-1 Jose Cea
8%
1930 Uruguay Uruguay 5-1 Jose Cea
8%
1930 Uruguay Uruguay 6-1 Jose Cea
8%
1982 Spain West Germany 3-3 Klaus Fischer
8%
1954 Switzerland West Germany 2-0 Maximilian Morlock
8%
1970 Mexico Italy 1-0 Roberto Boninsegna
8%
1930 Uruguay Uruguay 4-1 Victoriano Iriarte
8%
1954 Switzerland Hungary 1-0 Zoltan Czibor
8%
1962 Chile Czechoslovakia 2-1 Adolf Scherer
5%
1962 Chile Czechoslovakia 3-1 Adolf Scherer
5%
1938 France Hungary 4-1 Gyorgy Sarosi
5%
1938 France Hungary 3-1 Gyula Zsengeller
5%
1938 France Hungary 5-1 Gyula Zsengeller
5%
1958 Sweden Sweden 2-1 Johan Gren
5%
1938 France Italy 1-0 Luigi Colaussi
5%
1934 Italy Czechoslovakia 1-0 Oldrich Nejedly
5%
1934 Italy Czechoslovakia 2-1 Oldrich Nejedly
5%
1934 Italy Czechoslovakia 3-1 Oldrich Nejedly
5%
1954 Switzerland Austria 2-1 Erich Probst
3%
1930 Uruguay USA 6-1 James Brown
3%
1962 Chile Chile 2-1 Jorge Toro
3%
1962 Chile Czechoslovakia 1-0 Josef Kadraba
3%
1954 Switzerland Uruguay 2-1 Juan Hohberg
3%
1954 Switzerland Uruguay 2-2 Juan Hohberg
3%
1958 Sweden Sweden 1-1 Karl Skoglund
3%
1970 Mexico Uruguay 1-0 Luis Cubilla
3%
1930 Uruguay Argentina 1-0 Luis Monti
3%
1938 France Hungary 2-1 Pal Titkos
3%
1958 Sweden France 5-2 Roger Piantoni
3%
1934 Italy Germany 1-1 Rudolf Noack
3%
1970 Mexico Italy 2-2 Tarcisco Burgnich
3%
1930 Uruguay Argentina 2-0 Alejandro Scopelli
0%
1938 France Sweden 1-0 Arne Nyberg
0%
1930 Uruguay Yugoslavia 1-0 Dorde Vujadinovic
0%
1962 Chile Yugoslavia 1-1 Drazan Jerkovic
0%
1934 Italy Italy 1-0 Enrique Guaita
0%
1930 Uruguay Uruguay 2-1 Juan Anselmo
0%
1930 Uruguay Uruguay 3-1 Juan Anselmo
0%
1958 Sweden Sweden 3-1 Kurt Hamrin
0%
1938 France Brazil 2-1 Romeu
0%
1938 France Sweden (OG) 1-1 Sven Jacobsson
0%
1966 England Soviet Union 2-1 Valeriy Porkuyan
0%
No matching quizzes found
Score Distribution
Percent of People with Each Score
Percentile by Number Answered
Your Score History
You have not taken this quiz